Os 15 principais países afetados pela Covid-19; 24 ottobre - Statistics

Estatísticas Gerais
  • Esse quiz foi jogado 15 vezes
  • A pontuação média é 16 de 25
Estatísticas das Respostas
país % Correto
Brasil
100%
Estados Unidos
100%
Itália
100%
Reino Unido
100%
Argentina
93%
Espanha
93%
França
93%
México
93%
Rússia
93%
Índia
87%
Irão
87%
Colômbia
80%
Chile
73%
Chile
73%
Peru
73%
África do Sul
53%
Bélgica
53%
Panamá
47%
Catar
27%
Israel
27%
Kuweit
20%
Omã
13%
Armênia
7%
Bahrein
7%
Chequia
7%
Nenhum quiz correspondente encontrado
Distribuição das Pontuações
Porcentagem de Pessoas com Cada Pontuação
Percentil de Números Respondidos
Sua Pontuação Histórica
Você não jogou esse quiz